000 00473nam a22001577a 4500
003 OSt
005 20250630081238.0
008 250630b |||||||| |||| 00| 0 eng d
020 _a978-981-4687-37-9
040 _aDWCL - Main lib
_cOC
082 _aCirc. 659.1 K19a 2016
245 _aAdvertising and sales promotion/
260 _aSingapore:
_bCengage Learning Asia Pte Ltd.,
_cc2016.
300 _axix, 641 pages:
_billustrations,
_c26cm.
942 _2ddc
_cBK-CIRC
_kCirc.
_n0
999 _c3315
_d3315